| 000 | 00702nam a2200265Ia 4500 | ||
|---|---|---|---|
| 005 | 20260302115326.0 | ||
| 008 | 008 260114s9999 xx 000 0 eng d | ||
| 020 | _a9781350487437 | ||
| 037 | _aTextbook | ||
| 040 | _aCRL | ||
| 040 | _beng | ||
| 040 | _cCRL | ||
| 041 | _2eng | ||
| 041 | _aeng | ||
| 084 | _qCRL | ||
| 100 |
_aDerek Alsop, Chris Walsh _91121320 |
||
| 245 | 4 | _aThe Practice of Reading Interpreting the Novel | |
| 260 | _bBloomsbury | ||
| 260 | _bBloomsbury Academic | ||
| 260 | _c1999 | ||
| 650 | _aLiterary Studies | ||
| 856 | _uhttps://doi.org/10.1007/978-1-349-27437-6?locatt=label:secondary_bloomsburyCollections | ||
| 942 | _cEBOOK | ||
| 999 |
_c1685799 _d1685799 |
||